000 00617cam a2200217ua 4500
003 OSt
008 240213b |||||||| |||| 00| 0 eng d
020 _a0-7923-1279-1
041 _aeng
082 _a635 PRA/HO
_bPRA/HO
100 _aPrakash, J .
_91265
245 0 0 _aHorticulture: New technologies and applications /
250 _a1 /
260 _aLondon :
_bKluwer Academic Publishers ,
_c1990.
300 _a414 ; .
490 0 _aCurrent plant science and biotechnology in agriculture,
650 _aHorticulture
_95833
650 _aProceedings
_95834
700 1 _aPierik, R L M .
_95835
942 _cBK
999 _c156
_d156